| 000 | 00671nam a2200253Ia 4500 | ||
|---|---|---|---|
| 003 | OSt | ||
| 005 | 20220912145640.0 | ||
| 006 | a|||||r|||| 00| 0 | ||
| 007 | ta | ||
| 008 | 220909b |||||||| |||| 00| 0 eng d | ||
| 024 | _a72365 | ||
| 037 | _b2943, 19/07/2010, New India Book Agency | ||
| 037 | _cTextual | ||
| 040 |
_aCSL _beng _cCSL |
||
| 041 | _aeng | ||
| 082 | _aL:421:2, J8 | ||
| 100 | _aFrancis John | ||
| 245 | 0 | _aTuberculosis in animals and man | |
| 260 | _c1958 | ||
| 300 |
_ap. _ccm. |
||
| 650 | _aTuberculosis | ||
| 942 |
_hL:421:2, J8 _cTEXL _2CC |
||
| 999 |
_c35591 _d35591 |
||